000 00276nam a22001097a 4500
008 170117b xxu||||| |||| 00| 0 eng d
020 _a23049
041 _aeng
080 _a618.2
245 _aCONDITIONS OF LEARNING AND INSTRUCTION IN NURSING
_cHUCKABAY, L/.M
942 _2udc
_cBK
999 _c3034
_d3034